000 00391nam a2200169Ia 4500
008 230524s9999 xx 000 0 und d
082 _a540
_bUPP
100 _aM.M.Uppal
245 0 _aEngineering Chemistry
250 _a6TH
260 _aNEW DELHI
_bKhanna
_c2001
300 _aXVI;1444
500 _aQuantity Number: 2
650 _aChemistry
700 _a S.C.Bhatia
942 _cBK
999 _c30564
_d30564